| 000 | 00391nam a22001577a 4500 | ||
|---|---|---|---|
| 003 | OSt | ||
| 008 | 230516b |||||||| |||| 00| 0 eng d | ||
| 020 | _a81-85038-17-1 | ||
| 100 | _aCSIR | ||
| 245 | _aWEALTH OF INDIA:RAW MATERIALS: RAW MATERIALS N-Pe | ||
| 250 | _aReprieted 2010 | ||
| 260 |
_aNew Delhi _bNISCAIR |
||
| 300 | _axxvii,330,ix | ||
| 650 | _aPHARMACOGNOSY | ||
| 942 |
_2ddc _cREF |
||
| 999 |
_c12054 _d12054 |
||